000
00268nam a2200109 a 4500
008
110104s1959|||| d
245
1
0
_a
Spomienky na Vladimíra Iľjiča Lenina
260
_b
SVPL
_a
Bratislava
_c
1959
020
_c
20,90
041
_a
slo
044
_a
xo
_c
SK
999
_c
15476
_d
15476